Fr. Conceicao Rodrigues College of Engineering

Simulation of machines using Matlab and Simulink (Record no. 35103)

MARC details
000 -LEADER
fixed length control field 00358nam a2200157Ia 4500
082 ## - DEWEY DECIMAL CLASSIFICATION NUMBER
Classification number 620.0044/GAR
Item number GAR
100 ## - MAIN ENTRY--PERSONAL NAME
Personal name Gardner/John F
245 ## - TITLE STATEMENT
Title Simulation of machines using Matlab and Simulink
260 ## - PUBLICATION, DISTRIBUTION, ETC.
Name of publisher, distributor, etc. Brooks/Cole
Date of publication, distribution, etc. 2001
366 ## - TRADE AVAILABILITY INFORMATION
Publishers's discount category 17.5
300 ## - PHYSICAL DESCRIPTION
Extent 137
546 ## - LANGUAGE NOTE
Language note ENGLISH
650 ## - SUBJECT ADDED ENTRY--TOPICAL TERM
Topical term or geographic name entry element Simulation
654 ## - SUBJECT ADDED ENTRY--FACETED TOPICAL TERMS
Focus term simulation
942 ## - ADDED ENTRY ELEMENTS (KOHA)
Koha item type Reference Book
Holdings
Withdrawn status Lost status Damaged status Not for loan Collection Home library Current library Date acquired Source of acquisition Cost, normal purchase price Inventory number Total Checkouts Full call number Barcode Date last seen Cost, replacement price Price effective from Koha item type
        CRC Fr. Agnel's C.Rodrigues College of Engineering Fr. Agnel's C.Rodrigues College of Engineering 17/03/2023 Educational books and periodicals 802.56 150 dt 21/01/2009   620.0044/GAR GAR 19295 17/03/2023 972.80   Reference Book